Knock on the door.

שמור ב:
מידע ביבליוגרפי
מחבר ראשי: Phillips, Mickey
פורמט: ספר
שפה:English
יצא לאור: London : Joseph, 1966.
LEADER 00622nam a2200181 i 4500
001 c000087042
003 CARM
005 00000000000000.0
008 920729s1966 enk 0001 eng d
019 1 |a 9507162  |5 LACONCORD2021 
035 |a (OCoLC)13315556  |5 LACONCORD2021 
100 1 |a Phillips, Mickey. 
245 1 0 |a Knock on the door. 
260 |a London :  |b Joseph,  |c 1966. 
300 |a 1 v. 
852 8 |b CARM  |h A2:AD15G0  |i A01376  |p 0119694  |f BK 
999 f f |i f1f724d5-d06c-5f7b-91dd-1c988a6b84c5  |s 51fdb4ae-abfc-56a6-91c9-4feb97c620ad 
952 f f |p Can circulate  |a CAVAL  |b CAVAL  |c CAVAL  |d CARM 1 Store  |e A01376  |f A2:AD15G0  |h Other scheme  |i book  |m 0119694